LDR 01047naa#a2200205#i#450# 001 RU\\bibl\126689 005 20260701130546.3 011 ## _a2074-9414 100 ## _a20260630b2026####ek#y0rusy0150####ca 101 0# _aRUS 102 ## _aRU 200 1# _aВалидация как инструмент системы менеджмента безопасности пищевой продукции птицеперерабатывающего производства _eЖурнальная статья 210 1# _aКемерово _cКемеровский государственный университет _d2026 215 ## _a11 с. 608 ## _aЖурнальная статья _2local 675 ## _aСельское хозяйство. Лесное хозяйство. Охота. Рыбное хозяйство. 63 _zRUS 700 #1 _aЧурышева _gАнна Андреевна 700 #1 _aСухинина _gТатьяна Вячеславовна 700 #1 _aЕсепенок _gКонстантин Викторович 856 4# _ajcenter.kemsu.ru _u